Statistics for How Many Times Can You Type FIJI in 15 Seconds?-Country Keystrokes

Click here to take the quiz!

General Stats

  • This quiz has been taken 148 times
  • The average score is 39 of 60

Answer Stats

Letter% Correct
F
100%
I
98%
J
97%
F
95%
I
95%
I
94%
J
94%
F
92%
I
92%
F
89%
I
89%
I
89%
I
89%
J
89%
F
86%
I
86%
J
86%
F
83%
I
83%
I
83%
J
83%
I
81%
J
80%
I
75%
F
70%
I
67%
J
67%
I
66%
F
64%
F
64%
I
64%
I
64%
J
64%
I
61%
I
59%
J
59%
F
55%
I
55%
J
52%
I
50%
F
48%
F
48%
I
48%
I
48%
I
48%
J
48%
J
45%
F
44%
I
44%
I
42%
I
42%
J
42%
F
39%
I
39%
I
34%
J
34%
F
33%
I
31%
I
31%
J
31%

Score Distribution

Percentile by Number Answered

Percent of People with Each Score

Your Score History

You have not taken this quiz